| 000 | 01363 a2200181 4500 | ||
|---|---|---|---|
| 001 | 141936 | ||
| 040 | _cLeonardo Da Vinci | ||
| 041 | _aPortuguês | ||
| 082 |
_ar610 L762l _bL762l |
||
| 245 | _aO LIVRO da vida | ||
| 250 | _a2.ed. v.1 | ||
| 260 |
_bAbri Cultural _c1974 _aSão Paulo |
||
| 300 | _a424 | ||
| 362 | _a19740000 | ||
| 500 | _aObra em 6 volumes | ||
| 697 |
_aReferência _aEnciclopédia _aCuriosidades _aMedicina _aSaúde _aDoença _aAnatomia humana _aPatologia humana _aFisiologia humana _aRemédio _aSintomas _aDor _aTontura _aTremor _aDefesas do organismo _aDiagnóstico médico _aExame médico _aHospital _aProfissão médico _aProfissão enfermeiro _aPílula anticoncepcional _aEsterilização cirúrgica _aEsterilidade conjugal _aInseminação artificial _aGinecologia _aMoléstia feminina _aAtração sexual _aAmor _aNamoro _aCasamento _aComportamento sexual humano _aPlanejamento familiar _aCorpo humano _aCoração _aCérebro _aÓssos _aMúsculos _aMão _aExercício físico _aDigestão _aEmbrião _aGravidez _aFeto _aParto _aCesariana _aParto prematuro _aRelacionamento _aAlimentação _aNutrição _aDesnutrição _aPerturbação digestiva _aÚlcera _aEpidemia _aPulmão _aMente _aAnsiedade _aSonho _aPersonalidade _aMente _aDoença mental _aAprendizagem _aMemória _aPersonalidade psicopática _aHisteria _aPersonalidade histérica _aPersonalidade ciclotímica _aObsessão _aCompulsão |
||
| 942 | _cBK | ||
| 999 |
_c141936 _d141936 |
||